[Event "Open Citta' degli Scacchi B"]
[Site "Corsico ITA"]
[Date "2010.03.13"]
[Round "3"]
[White "De Francisci, Luigi"]
[Black "Guzzetti, Luigi Enrico"]
[Result "1/2-1/2"]
[WhiteElo "1914"]
[BlackElo "1879"]
[PlyCount "109"]
[EventDate "2010.03.12"]

1. d4 Nf6 2. Nc3 g6 3. e4 d6 4. f4 Bg7 5. Nf3 c5 6. d5 O-O 7. Bd3 e6 8. O-O
exd5 9. exd5 Bg4 10. h3 Bd7 11. Qe1 Na6 12. f5 Re8 13. Qh4 Qb6 14. Kh1 Qb4 15.
fxg6 fxg6 16. Qg5 Rf8 17. a3 Qb6 18. Qh4 Rae8 19. Bh6 c4 20. Bxg7 Kxg7 21. Qxc4
Nc5 22. b4 Nxd3 23. Qxd3 Re3 24. Qd2 Rc8 25. Nd1 Re7 26. Nf2 Bf5 27. c3 Qc7 28.
Rac1 Qc4 29. Rfe1 Rce8 30. Rxe7+ Rxe7 31. Re1 Rc7 32. g4 Be4 33. Qe3 Bxf3+ 34.
Qxf3 Qxc3 35. Re7+ Kg8 36. Qxc3 Rxc3 37. Rxb7 Rxa3 38. Rb5 Ra1+ 39. Kg2 Ra2 40.
Kg3 Ra3+ 41. Kf4 a6 42. Rb8+ Kf7 43. Rb7+ Ke8 44. Ne4 Nxd5+ 45. Kg5 Rxh3 46.
Nxd6+ Kf8 47. Rf7+ Kg8 48. Ra7 Rf3 49. Rxa6 Nxb4 50. Ra8+ Rf8 51. Rxf8+ Kxf8
52. Kh6 Kg8 53. Ne4 Nd5 54. Ng5 Nf6 55. Nxh7 1/2-1/2

[Event "Open Citta' degli Scacchi B"]
[Site "Corsico ITA"]
[Date "2010.03.13"]
[Round "3"]
[White "Martelli, Tommaso"]
[Black "Crepaldi, Marco"]
[Result "1-0"]
[WhiteElo "1875"]
[BlackElo "1874"]
[PlyCount "95"]
[EventDate "2010.03.12"]

1. e4 c5 2. Nf3 d6 3. d4 cxd4 4. Nxd4 Nf6 5. Nc3 a6 6. Be2 e5 7. Nb3 Be7 8. Be3
Be6 9. O-O O-O 10. a4 Nbd7 11. a5 Rc8 12. f3 Qc7 13. Qd2 Qc6 14. Rfd1 Rfd8 15.
Rac1 Kh8 16. Nd5 Bxd5 17. exd5 Qc7 18. c4 Nc5 19. Nxc5 dxc5 20. Bd3 Bd6 21. Bf5
Rb8 22. Bg5 Qe7 23. Re1 h6 24. Bh4 Rg8 25. f4 Rbe8 26. Kh1 e4 27. Qc2 e3 28.
Re2 Bxf4 29. Rf1 g5 30. Be1 Nh5 31. Bc3+ Ng7 32. g3 Bd6 33. Qd1 f6 34. Bg6 Ref8
35. Rf3 Ne8 36. Rexe3 Qd7 37. Bxe8 Rxe8 38. Bxf6+ Kh7 39. Qd3+ Rg6 40. Rxe8
Qxe8 41. Re3 Qf7 42. Re6 Kg8 43. Qc3 Qf8 44. Kg2 h5 45. b3 g4 46. Qe3 Kh7 47.
Qe4 Kh6 48. Bg5+ 1-0

[Event "Open Citta' degli Scacchi B"]
[Site "Corsico ITA"]
[Date "2010.03.13"]
[Round "3"]
[White "Palmieri, Giovanni"]
[Black "Didoni, Renato"]
[Result "0-1"]
[WhiteElo "1778"]
[BlackElo "1961"]
[PlyCount "74"]
[EventDate "2010.03.12"]

1. d4 Nf6 2. c4 c6 3. Nc3 d5 4. Nf3 e6 5. Bg5 Be7 6. e3 Nbd7 7. Rc1 O-O 8. Bd3
Re8 9. O-O Nf8 10. Qb3 Ng4 11. Bxe7 Qxe7 12. h3 Nh6 13. Rfe1 f5 14. Ne5 Ng6 15.
f4 Nxe5 16. dxe5 Kh8 17. Ne2 Rg8 18. g3 g5 19. Kf2 Bd7 20. Qc3 Raf8 21. cxd5
cxd5 22. Qc5 Qe8 23. b4 a6 24. Qc7 Bc6 25. Bxa6 Qh5 26. Bxb7 Bb5 27. Qc5 Ng4+
28. Kg2 Bxe2 29. Rxe2 Nxe5 30. Qc2 gxf4 31. exf4 Qf3+ 32. Kg1 Qxg3+ 33. Rg2
Qe3+ 34. Kf1 Rxg2 35. Kxg2 Rg8+ 36. Kh2 Nf3+ 37. Kh1 Rg1+ 0-1

[Event "Open Citta' degli Scacchi B"]
[Site "Corsico ITA"]
[Date "2010.03.14"]
[Round "4"]
[White "Crepaldi, Marco"]
[Black "Palmieri, Giovanni"]
[Result "1-0"]
[WhiteElo "1874"]
[BlackElo "1778"]
[PlyCount "63"]
[EventDate "2010.03.12"]

1. e4 e6 2. d4 d5 3. Nc3 Bb4 4. a3 Bxc3+ 5. bxc3 dxe4 6. Qg4 Ne7 7. Qxg7 Rg8 8.
Qxh7 Bd7 9. Nh3 e5 10. Ng5 Be6 11. Nxe4 Rg6 12. Nf6+ Rxf6 13. Qh8+ Kd7 14. Qxf6
Qg8 15. Bg5 Nd5 16. Qxe5 Nc6 17. Bb5 Re8 18. O-O Nxc3 19. Bxc6+ bxc6 20. Rfe1
Qg6 21. Bf4 Nd5 22. c4 Nxf4 23. Qxf4 Rg8 24. g3 Bxc4 25. Re5 Be6 26. Rae1 Qh7
27. Rg5 Rxg5 28. Qxg5 Qd3 29. Qe3 Qf5 30. f3 Qh3 31. g4 Bd5 32. Qe8+ 1-0

[Event "Open Citta' degli Scacchi B"]
[Site "Corsico ITA"]
[Date "2010.03.14"]
[Round "4"]
[White "Manini, Paolo"]
[Black "Didoni, Renato"]
[Result "1/2-1/2"]
[WhiteElo "1785"]
[BlackElo "1961"]
[PlyCount "58"]
[EventDate "2010.03.12"]

1. d4 Nf6 2. c4 c6 3. Nc3 d5 4. Nf3 Bg4 5. e3 e6 6. a3 Nbd7 7. cxd5 exd5 8. Bd3
Bd6 9. h3 Bh5 10. O-O O-O 11. b4 b5 12. e4 dxe4 13. Nxe4 Be7 14. Nc5 Nd5 15.
Bb2 Qc7 16. Rc1 Bf6 17. Ne4 Qb6 18. Nc5 Qc7 19. Nxd7 Qxd7 20. Be4 a5 21. bxa5
Rxa5 22. Qd3 Bg6 23. Bxg6 hxg6 24. Ne5 Bxe5 25. dxe5 Qe6 26. Rc5 Rc8 27. Rfc1
Ra6 28. Qg3 Ra4 29. Qb3 Raa8 1/2-1/2

[Event "Open Citta' degli Scacchi B"]
[Site "Corsico ITA"]
[Date "2010.03.14"]
[Round "4"]
[White "Marchini, Daniele"]
[Black "De Francisci, Luigi"]
[Result "1/2-1/2"]
[WhiteElo "1807"]
[BlackElo "1914"]
[PlyCount "78"]
[EventDate "2010.03.12"]

1. d4 g6 2. c4 Bg7 3. Nc3 d6 4. e4 Nd7 5. Nf3 e6 6. Be2 a6 7. Bg5 Ne7 8. Qd2 h6
9. Be3 b6 10. b4 Bb7 11. Rc1 Nf6 12. d5 e5 13. c5 b5 14. cxd6 cxd6 15. Qd3 O-O
16. a4 bxa4 17. Nxa4 Ng4 18. Bb6 Qd7 19. Qd1 Rac8 20. Rxc8 Nxc8 21. Nd2 Nxb6
22. Nxb6 Qc7 23. Ndc4 Nf6 24. f3 Nd7 25. Nxd7 Qxd7 26. O-O f5 27. Na5 Qc7 28.
Qd3 Qb6+ 29. Kh1 Qxb4 30. Nxb7 Qxb7 31. Qxa6 Qxa6 32. Bxa6 fxe4 33. fxe4 Rxf1+
34. Bxf1 Kf7 35. g4 Kf6 36. h4 g5 37. h5 Ke7 38. Kg2 Kd8 39. Kf3 Kc7 1/2-1/2

[Event "Open Citta' degli Scacchi B"]
[Site "Corsico ITA"]
[Date "2010.03.14"]
[Round "4"]
[White "Sirletti, Sonia"]
[Black "Brioschi, Camillo"]
[Result "1/2-1/2"]
[WhiteElo "1894"]
[BlackElo "1857"]
[PlyCount "103"]
[EventDate "2010.03.12"]

1. d4 Nf6 2. c4 g6 3. Nc3 d5 4. e3 Bg7 5. Nf3 O-O 6. cxd5 Nxd5 7. Be2 Nxc3 8.
bxc3 c5 9. O-O Nc6 10. Qb3 cxd4 11. cxd4 Na5 12. Qc3 Be6 13. Bd2 Nc4 14. Qb4
Nxd2 15. Nxd2 Bd5 16. Bf3 Bxf3 17. Nxf3 Qd7 18. Rfc1 Rfc8 19. Qa3 a6 20. Rab1
e6 21. h3 Bf8 22. Qb3 Bd6 23. Ng5 Rxc1+ 24. Rxc1 Rc8 25. Rxc8+ Qxc8 26. g3 Qc1+
27. Kg2 Qc6+ 28. e4 Be7 29. d5 Qc8 30. Nf3 b5 31. Ne5 exd5 32. Qxd5 Qe6 33. Nc6
Bf8 34. Qxe6 fxe6 35. Nd8 e5 36. Nc6 Bd6 37. Kf3 Kf7 38. Ke3 Bc5+ 39. Ke2 Ke6
40. f3 Bb6 41. Nb4 a5 42. Nd5 Bd8 43. Kd3 Kd6 44. Kc3 Kc5 45. Kd3 b4 46. Ne3
Kb5 47. f4 exf4 48. gxf4 a4 49. Nc2 Be7 50. Nd4+ Kc5 51. Ne6+ Kb5 52. Nd4+
1/2-1/2

[Event "Open Citta' degli Scacchi B"]
[Site "Corsico ITA"]
[Date "2010.03.14"]
[Round "5"]
[White "Brioschi, Camillo"]
[Black "Guzzetti, Luigi Enrico"]
[Result "0-1"]
[WhiteElo "1857"]
[BlackElo "1879"]
[PlyCount "94"]
[EventDate "2010.03.12"]

1. d4 Nf6 2. c4 g6 3. Nf3 Bg7 4. Nc3 d6 5. e4 O-O 6. Be2 c5 7. d5 Na6 8. O-O
Nc7 9. Nd2 e6 10. f4 exd5 11. cxd5 Re8 12. Qc2 Bd7 13. a4 a6 14. Nc4 Bg4 15.
Bxg4 Nxg4 16. Ne2 b5 17. Ne3 Nxe3 18. Bxe3 Nxd5 19. Bd2 bxa4 20. Rxa4 Nf6 21.
Bc3 Qb6 22. h3 Qc6 23. Ng3 d5 24. e5 Nd7 25. Rfa1 c4 26. Ne2 Nc5 27. Nd4 Qb6
28. Rb4 Qc7 29. g3 Bf8 30. Kg2 Nb3 31. Nxb3 cxb3 32. Qxb3 Bxb4 33. Qxb4 Qc4 34.
Kf2 Qxb4 35. Bxb4 Rec8 36. Bc3 Rc5 37. Ra4 Rb5 38. Ke3 Kf8 39. Kd4 Ke7 40. g4
Ke6 41. Ra1 h5 42. Rf1 a5 43. f5+ gxf5 44. gxf5+ Ke7 45. Rg1 Rc8 46. Rg7 Rc4+
47. Kd3 Rf4 0-1

[Event "Open Citta' degli Scacchi B"]
[Site "Corsico ITA"]
[Date "2010.03.14"]
[Round "5"]
[White "Didoni, Renato"]
[Black "Martelli, Tommaso"]
[Result "0-1"]
[WhiteElo "1961"]
[BlackElo "1875"]
[PlyCount "96"]
[EventDate "2010.03.12"]

1. Nf3 Nf6 2. d4 e6 3. Nbd2 c5 4. c3 d5 5. g3 Nc6 6. Bg2 Qc7 7. O-O Bd6 8. dxc5
Bxc5 9. Nb3 Bd6 10. Nbd4 a6 11. Nxc6 bxc6 12. Qd3 e5 13. Qd1 e4 14. Nh4 h6 15.
Bh1 Bh3 16. Ng2 Ng4 17. f3 Bc5+ 18. e3 Ne5 19. f4 Bg4 20. Qe1 Nf3+ 21. Rxf3
Bxf3 22. Nh4 Bxh1 23. Kxh1 Qd7 24. b3 g5 25. Ng2 Qg4 26. c4 gxf4 27. exf4 Bd4
28. Rb1 Qf3 29. Ba3 Bc3 30. Qg1 d4 31. Rf1 Qe2 32. Bc5 O-O-O 33. Rf2 Qh5 34.
Bb6 e3 35. Rf1 Rd7 36. Rc1 Re8 37. h4 Kb7 38. c5 Qf3 39. Kh2 Rg8 40. Ne1 Qe2+
41. Kh3 Bd2 42. Rb1 d3 43. a4 Bxe1 44. Rxe1 Qg4+ 45. Kh2 d2 46. Qxe3 dxe1=Q 47.
Qxe1 Rd2+ 48. Qxd2 Qxg3+ 0-1

[Event "Open Citta' degli Scacchi B"]
[Site "Corsico ITA"]
[Date "2010.03.14"]
[Round "5"]
[White "Palmieri, Giovanni"]
[Black "Marchini, Daniele"]
[Result "0-1"]
[WhiteElo "1778"]
[BlackElo "1807"]
[PlyCount "80"]
[EventDate "2010.03.12"]

1. d4 Nf6 2. c4 g6 3. Nc3 d5 4. Nf3 Bg7 5. Qb3 dxc4 6. Qxc4 O-O 7. e4 Nbd7 8.
e5 Nb6 9. exf6 Nxc4 10. fxg7 Kxg7 11. Bxc4 Bg4 12. Be3 Bxf3 13. gxf3 c6 14.
O-O-O Qc7 15. h4 h5 16. f4 e6 17. Ne4 b5 18. Bb3 a5 19. Nc5 Qd6 20. Rhg1 Rfe8
21. Rg5 Ra7 22. Rdg1 a4 23. Bd1 Kf8 24. Bc2 a3 25. b3 Qd8 26. Be4 Qd6 27. Kc2
Ke7 28. Bxg6 fxg6 29. Rxg6 Kd8 30. f5 Qd5 31. fxe6 Rae7 32. Bg5 Qf5+ 33. Kc1
Qxf2 34. Bxe7+ Rxe7 35. R6g2 Qxh4 36. d5 Qf4+ 37. Kc2 cxd5 38. Rg8+ Kc7 39.
R1g3 Qf2+ 40. Kc3 Qxc5+ 0-1

[Event "Open Citta' degli Scacchi B"]
[Site "Corsico ITA"]
[Date "2010.03.14"]
[Round "5"]
[White "Sirletti, Sonia"]
[Black "Manini, Paolo"]
[Result "1/2-1/2"]
[WhiteElo "1894"]
[BlackElo "1785"]
[PlyCount "130"]
[EventDate "2010.03.12"]

1. d4 Nf6 2. c4 e6 3. Nc3 Bb4 4. f3 d5 5. a3 Bxc3+ 6. bxc3 c5 7. cxd5 Nxd5 8.
Qd3 cxd4 9. cxd4 Nc6 10. e4 Nf6 11. Be3 Qa5+ 12. Qd2 Qxd2+ 13. Kxd2 O-O 14. Bb5
Na5 15. Rb1 a6 16. Bd3 Bd7 17. Ne2 Rac8 18. Rhc1 Bc6 19. Rc5 b5 20. Nc1 Nd7 21.
Rc2 Nb6 22. Ke2 Nbc4 23. Rc3 f5 24. Na2 Nxe3 25. Kxe3 f4+ 26. Ke2 Rfd8 27. Nb4
Bb7 28. Rxc8 Rxc8 29. Kd2 Nc4+ 30. Bxc4 Rxc4 31. Kd3 a5 32. Nc2 Ba6 33. Kd2 h5
34. h4 Kf7 35. Rb3 Kf6 36. Rc3 Rxc3 37. Kxc3 g5 38. hxg5+ Kxg5 39. d5 exd5 40.
exd5 Kf6 41. Kd4 b4 42. axb4 axb4 43. Nxb4 Bf1 44. Ke4 Bxg2 45. Kxf4 h4 46. Nd3
h3 47. Kg3 Bf1 48. Nf2 Ke5 49. Nxh3 Kxd5 50. Ng5 Ke5 51. f4+ Kf5 52. Nf3 Bd3
53. Nh4+ Kf6 54. Kf3 Bb1 55. Kg4 Bc2 56. Ng2 Bf5+ 57. Kh4 Bb1 58. Ne3 Be4 59.
Kg4 Bb7 60. Nc4 Bc8+ 61. Kf3 Bf5 62. Ke3 Be6 63. Nd6 Ke7 64. Ne4 Bf5 65. Ng3
Bb1 1/2-1/2

[Event "Open Citta' degli Scacchi A"]
[Site "Corsico ITA"]
[Date "2010.03.12"]
[Round "1"]
[White "Castrogiovanni, Carlo"]
[Black "Quaranta, Cristiano"]
[Result "0-1"]
[WhiteElo "1999"]
[BlackElo "2162"]
[PlyCount "114"]
[EventDate "2010.03.12"]

1. d4 d6 2. Nf3 g6 3. c4 Bg7 4. e4 e5 5. Nc3 Nc6 6. d5 Nce7 7. Bd3 f5 8. Ng5
Nf6 9. f3 O-O 10. Be3 f4 11. Bf2 h6 12. Ne6 Bxe6 13. dxe6 c6 14. c5 d5 15. Qc2
d4 16. Nd1 Ne8 17. b4 Nc7 18. Qb3 Kh7 19. Nb2 Qc8 20. Bc4 b5 21. cxb6 axb6 22.
O-O b5 23. Be2 Qxe6 24. Nd3 Ra7 25. Qb2 Rfa8 26. a3 Nc8 27. Nc5 Qe8 28. Rfc1
Nb6 29. Rc2 Bf8 30. Qc1 Nc4 31. Bxc4 Bxc5 32. Bxb5 Nxb5 33. Rxc5 Ra6 34. g3 g5
35. Kg2 Nxa3 36. Ra5 Rxa5 37. bxa5 Nb5 38. Qc5 Qe6 39. Be1 Qd6 40. Qb6 Rb8 41.
Qa6 Qc5 42. Ra2 Qc4 43. Rb2 Qc1 44. Rxb5 Rxb5 45. Qa7+ Kg6 46. Qd7 Qc2+ 47. Kh3
Qc4 48. Qe8+ Kg7 49. Qd7+ Qf7 50. Qxc6 Rb2 51. g4 h5 52. Qc8 hxg4+ 53. Qxg4 Kh6
54. a6 Qh5+ 55. Qxh5+ Kxh5 56. Ba5 Ra2 57. Bc7 d3 0-1

[Event "Open Citta' degli Scacchi A"]
[Site "Corsico ITA"]
[Date "2010.03.12"]
[Round "1"]
[White "Cazzaniga, Walter"]
[Black "Salvador, Roland"]
[Result "0-1"]
[WhiteElo "2110"]
[BlackElo "2483"]
[PlyCount "34"]
[EventDate "2010.03.12"]

1. d4 Nf6 2. c4 e6 3. Nf3 a6 4. g3 b5 5. Bg2 bxc4 6. Ne5 d5 7. Nxc4 c5 8. O-O
cxd4 9. Qxd4 Nbd7 10. Bf4 Bc5 11. Qd2 O-O 12. Nc3 Qe7 13. Ne5 Bb7 14. Rfd1 Nxe5
15. Bxe5 Bxf2+ 16. Kh1 Ng4 17. e4 Be3 0-1

[Event "Open Citta' degli Scacchi A"]
[Site "Corsico ITA"]
[Date "2010.03.12"]
[Round "1"]
[White "Colovic, Aleksandar"]
[Black "Astengo, Marcello"]
[Result "1-0"]
[WhiteElo "2464"]
[BlackElo "2104"]
[PlyCount "107"]
[EventDate "2010.03.12"]

1. d4 d5 2. c4 c6 3. Nc3 Nf6 4. Nf3 e6 5. e3 Nbd7 6. Bd3 dxc4 7. Bxc4 b5 8. Bd3
a6 9. a4 b4 10. Ne4 Bb7 11. O-O c5 12. Nxf6+ Nxf6 13. dxc5 Qd5 14. c6 Bxc6 15.
Qe2 Bd6 16. Rd1 Rd8 17. Bd2 O-O 18. Bxa6 Qh5 19. h3 Be4 20. Be1 Qg6 21. Bb5 Be7
22. a5 Nd5 23. a6 Bf6 24. Rd2 Bc3 25. Nh4 Qg5 26. f4 Qf6 27. Rxd5 Bxe1 28. Rxd8
Rxd8 29. Qxe1 Qxb2 30. Nf3 b3 31. a7 Qc2 32. Rc1 Qa2 33. Ra1 Qc2 34. Rc1 Qa2
35. Qd2 Ra8 36. Qd7 g6 37. Rc8+ Rxc8 38. Qxc8+ Kg7 39. Qc3+ Kg8 40. Qc8+ Kg7
41. Qc3+ Kh6 42. Bd3 Bxf3 43. gxf3 Qxa7 44. Kf2 Qa2+ 45. Kg3 b2 46. Qc2 Qa1 47.
Qb1 Qa3 48. Kf2 Kh5 49. Qc2 Kh4 50. Qd1 Qc3 51. Bc2 Qb4 52. Qd8+ Kxh3 53. Qd1
b1=Q 54. Bxb1 1-0

[Event "Open Citta' degli Scacchi A"]
[Site "Corsico ITA"]
[Date "2010.03.12"]
[Round "1"]
[White "D'Apa, Matteo"]
[Black "Bellia, Fabrizio"]
[Result "0-1"]
[WhiteElo "2096"]
[BlackElo "2412"]
[PlyCount "84"]
[EventDate "2010.03.12"]

1. d4 Nf6 2. c4 e6 3. Nf3 c5 4. d5 exd5 5. cxd5 d6 6. Nc3 g6 7. e4 Bg7 8. Bd3
O-O 9. O-O a6 10. a4 Bg4 11. h3 Bxf3 12. Qxf3 Nbd7 13. Qd1 Re8 14. Re1 Qc7 15.
Be3 Rab8 16. f4 c4 17. Bc2 b5 18. axb5 axb5 19. Ra7 Qc8 20. Qf3 b4 21. Nd1 Ra8
22. Rxa8 Qxa8 23. Bd2 b3 24. Bb1 Qa1 25. Nf2 Qxb2 26. Bc3 Qa3 27. e5 Nh5 28. g4
Nxf4 29. Qxf4 Nxe5 30. Ne4 f5 31. gxf5 gxf5 32. Nd2 Qc5+ 33. Kh1 Qxd5+ 34. Kg1
Qc5+ 35. Bd4 Nf3+ 36. Nxf3 Rxe1+ 37. Nxe1 Qxd4+ 38. Qxd4 Bxd4+ 39. Kf1 f4 40.
Ke2 c3 41. Be4 Kg7 42. Bd5 c2 0-1

[Event "Open Citta' degli Scacchi A"]
[Site "Corsico ITA"]
[Date "2010.03.12"]
[Round "1"]
[White "Magrini, Fabrizio"]
[Black "Naumkin, Igor"]
[Result "1-0"]
[WhiteElo "2130"]
[BlackElo "2496"]
[PlyCount "133"]
[EventDate "2010.03.12"]

1. e4 e6 2. d4 d5 3. Nc3 Bb4 4. e5 Ne7 5. a3 Bxc3+ 6. bxc3 b6 7. Qg4 Ng6 8. h4
h5 9. Qg3 Ba6 10. Bxa6 Nxa6 11. Qd3 Nb8 12. Nf3 Nc6 13. Bg5 Qd7 14. O-O Na5 15.
a4 Nc4 16. Rfb1 a5 17. g3 Qc6 18. Nd2 Nxd2 19. Bxd2 Ne7 20. Qb5 f6 21. Bf4 Kd7
22. Qxc6+ Nxc6 23. Re1 Rag8 24. exf6 gxf6 25. Re2 Ne7 26. Rb1 Rh7 27. Kf1 Nc6
28. Rbe1 Re8 29. Kg2 Rhe7 30. Kh3 e5 31. dxe5 Nxe5 32. Bxe5 Rxe5 33. Rxe5 Rxe5
34. Rd1 Ke6 35. g4 hxg4+ 36. Kxg4 Re4+ 37. f4 Rxa4 38. h5 Re4 39. h6 Re2 40.
f5+ Ke5 41. Rd3 Rg2+ 42. Rg3 Rh2 43. Rh3 Rg2+ 44. Rg3 Rh2 45. Re3+ Kd6 46. Rh3
Rg2+ 47. Kh5 Rg5+ 48. Kh4 Rg8 49. Rg3 Rh8 50. Kh5 a4 51. Re3 a3 52. Re1 d4 53.
cxd4 Kd5 54. Kg6 Kxd4 55. Kg7 Ra8 56. h7 b5 57. h8=Q Rxh8 58. Kxh8 b4 59. Kg7
Kc3 60. Kxf6 Kxc2 61. Ke5 b3 62. f6 b2 63. f7 a2 64. f8=Q b1=Q 65. Qc5+ Kd3 66.
Re3+ Kd2 67. Qc3+ 1-0

[Event "Open Citta' degli Scacchi A"]
[Site "Corsico ITA"]
[Date "2010.03.12"]
[Round "1"]
[White "Salmoiraghi, Angelo"]
[Black "Radice, Luca"]
[Result "1/2-1/2"]
[WhiteElo "2171"]
[BlackElo "2019"]
[PlyCount "75"]
[EventDate "2010.03.12"]

1. d4 d5 2. Nf3 Nf6 3. e3 c5 4. dxc5 Qa5+ 5. Nbd2 Qxc5 6. c4 e6 7. b3 Nc6 8.
Bb2 Be7 9. Be2 Qd6 10. O-O O-O 11. Rc1 Rd8 12. Qc2 Bd7 13. Rfd1 Qc7 14. cxd5
exd5 15. Ne5 Be8 16. Ndf3 Rac8 17. Qf5 Qd6 18. Ng5 h6 19. Nxc6 Rxc6 20. Bxf6
Bxf6 21. Rxc6 Qxc6 22. Qh7+ Kf8 23. Nf3 Bd7 24. Nd4 Qc7 25. Bd3 Be6 26. Bb1 a6
27. h3 Rc8 28. Ne2 Qe5 29. Nf4 Ke7 30. Bf5 Qxf5 31. Nxd5+ Qxd5 32. Rxd5 Bxd5
33. e4 Rc1+ 34. Kh2 Bc6 35. Qf5 Re1 36. Qc5+ Ke8 37. f3 Bg5 38. Qe5+ 1/2-1/2

[Event "Open Citta' degli Scacchi A"]
[Site "Corsico ITA"]
[Date "2010.03.12"]
[Round "1"]
[White "Sanchez, Joseph"]
[Black "Gori, Andrea"]
[Result "1-0"]
[WhiteElo "2493"]
[BlackElo "2119"]
[PlyCount "60"]
[EventDate "2010.03.12"]

1. e4 e5 2. Nf3 Nc6 3. Nc3 d6 4. d4 exd4 5. Nxd4 Nge7 6. Be3 a6 7. f4 Nxd4 8.
Qxd4 Nc6 9. Qd2 Bg4 10. h3 Qh4+ 11. Bf2 Qh5 12. Rg1 Bd7 13. Nd5 O-O-O 14. g4
Qh6 15. O-O-O Qe6 16. Bd3 h5 17. Qe2 hxg4 18. Bc4 Qe8 19. hxg4 Nb8 20. Qe3 Bb5
21. Bb3 Bc6 22. g5 Rd7 23. Qa7 b6 24. Rge1 Bb7 25. Ba4 b5 26. Bb3 Rh3 27. Bg1
Rf3 28. Bh2 Nc6 29. Qg1 Rh3 30. e5 Na5 1-0

[Event "Open Citta' degli Scacchi A"]
[Site "Corsico ITA"]
[Date "2010.03.12"]
[Round "1"]
[White "Stella, Andrea"]
[Black "Illyuviev, Oleg"]
[Result "1-0"]
[WhiteElo "2283"]
[BlackElo "2031"]
[PlyCount "92"]
[EventDate "2010.03.12"]

1. d4 d5 2. c4 Nc6 3. Nc3 dxc4 4. Nf3 Nf6 5. e4 Bg4 6. d5 Bxf3 7. Qxf3 Nd4 8.
Qd1 e5 9. Bxc4 c6 10. O-O Bc5 11. dxc6 bxc6 12. Be3 O-O 13. Rc1 Qe7 14. Na4 Bd6
15. Bd3 Qe6 16. f4 Ng4 17. Bxd4 exd4 18. Bc4 Qg6 19. Qf3 Ne3 20. Rf2 Ng4 21.
Rff1 Ne3 22. Rf2 Ng4 23. Re2 Nxh2 24. Kxh2 Qh6+ 25. Kg1 Bxf4 26. Rf1 Qh2+ 27.
Kf2 Bg5 28. Ke1 Qd6 29. Kd1 d3 30. Qxd3 Qb4 31. Qb3 Qa5 32. Nc3 Rab8 33. Qa3
Qe5 34. Kc2 Qd4 35. Qa4 Bf6 36. Bb3 Rb4 37. Qxc6 a5 38. Rd1 Qe5 39. Rd5 Qb8 40.
Rb5 Qg3 41. Rxa5 Qg4 42. Rd2 Bg5 43. Ra8 Bxd2 44. Rxf8+ Kxf8 45. Qd6+ Ke8 46.
Qxb4 Qg5 1-0

[Event "Open Citta' degli Scacchi A"]
[Site "Corsico ITA"]
[Date "2010.03.12"]
[Round "1"]
[White "Stella, Luca"]
[Black "Damia, Angelo"]
[Result "0-1"]
[WhiteElo "2034"]
[BlackElo "2284"]
[PlyCount "135"]
[EventDate "2010.03.12"]

1. e4 Nf6 2. d3 d5 3. Nd2 c5 4. Ngf3 Nc6 5. c3 Bg4 6. Be2 e6 7. Qc2 Rc8 8. O-O
Bd6 9. Re1 O-O 10. Bf1 Qc7 11. g3 b5 12. Bg2 d4 13. c4 Nb4 14. Qb1 bxc4 15.
Nxc4 e5 16. a3 Nc6 17. Bd2 Be6 18. Qc2 Bxc4 19. Qxc4 Rb8 20. Rab1 Rb7 21. Rec1
Rfb8 22. b4 Nd8 23. Rb2 Qd7 24. Rcb1 Qa4 25. Ne1 a6 26. Qc2 Qxc2 27. Nxc2 Nc6
28. Bh3 Kf8 29. f3 Ne8 30. f4 Ke7 31. Kf2 Nc7 32. Ke1 f6 33. Kd1 a5 34. b5 Rxb5
35. Kc1 Rxb2 36. Rxb2 Rxb2 37. Kxb2 a4 38. Ne1 Na8 39. Bc8 Nb6 40. Ba6 g6 41.
Bb5 Na7 42. Ba6 exf4 43. gxf4 g5 44. Ng2 h5 45. h3 g4 46. hxg4 hxg4 47. Ba5
Nac8 48. Bb5 Ke6 49. Ba6 Kf7 50. Bb5 Ke6 51. Ba6 Kf7 52. Bb5 Kg7 53. Ba6 Kh6
54. Bb5 Bb8 55. Be8 c4 56. Bb4 c3+ 57. Ka2 Bd6 58. Nh4 Bxb4 59. Nf5+ Kh7 60.
axb4 Nd6 61. Bh5 Nxf5 62. exf5 g3 63. Bf3 Kg7 64. Ka3 Kf8 65. Bg2 Ke7 66. Bf3
Kd6 67. Be4 Nd5 68. Ka2 0-1

[Event "Open Citta' degli Scacchi A"]
[Site "Corsico ITA"]
[Date "2010.03.12"]
[Round "1"]
[White "Vuelban, Virgilio"]
[Black "Bemporad, Filippo"]
[Result "1-0"]
[WhiteElo "2346"]
[BlackElo "2057"]
[PlyCount "90"]
[EventDate "2010.03.12"]

1. e4 c5 2. Nf3 d6 3. d4 cxd4 4. Nxd4 Nf6 5. Nc3 e6 6. Be2 Be7 7. Be3 a6 8. O-O
O-O 9. f4 Qc7 10. Qe1 Nc6 11. Qg3 Nxd4 12. Bxd4 b5 13. Bd3 Bb7 14. a3 d5 15.
Kh1 g6 16. Be5 Qc6 17. Rae1 dxe4 18. Nxe4 Nxe4 19. Rxe4 Rfd8 20. Re3 Bf8 21. h4
Bg7 22. h5 Bxe5 23. fxe5 Rd7 24. Rf6 Rad8 25. Kh2 a5 26. hxg6 fxg6 27. Qg4 Rd4
28. Rxg6+ hxg6 29. Qxg6+ Kf8 30. Rf3+ Qxf3 31. gxf3 R8d7 32. Qh6+ Rg7 33. Bg6
Kg8 34. Kg3 Rd1 35. Kf2 b4 36. axb4 axb4 37. Bh5 Bd5 38. Bg4 Kf7 39. Qh8 Rxg4
40. fxg4 Rd2+ 41. Ke3 Rg2 42. g5 Rg3+ 43. Kd4 b3 44. Qh5+ Ke7 45. c4 Bf3 1-0

[Event "Open Citta' degli Scacchi A"]
[Site "Corsico ITA"]
[Date "2010.03.13"]
[Round "2"]
[White "Astengo, Marcello"]
[Black "Castrogiovanni, Carlo"]
[Result "1-0"]
[WhiteElo "2104"]
[BlackElo "1999"]
[PlyCount "125"]
[EventDate "2010.03.12"]

1. d4 Nf6 2. c4 c5 3. d5 b5 4. cxb5 a6 5. f3 d6 6. e4 g6 7. Nc3 Bg7 8. Bd3 Nbd7
9. f4 axb5 10. Bxb5 Ba6 11. Bxa6 Rxa6 12. Nf3 Qb6 13. Qe2 O-O 14. O-O e6 15.
dxe6 fxe6 16. Qc4 Re8 17. Ng5 Nf8 18. Kh1 Ra7 19. Rb1 Qb4 20. Qxb4 cxb4 21. Nb5
Rd7 22. Nxd6 Rxd6 23. e5 Ra6 24. exf6 Bxf6 25. Ne4 Be7 26. a3 bxa3 27. bxa3
Rea8 28. Rb7 Bxa3 29. Be3 Rd8 30. Nf6+ Kh8 31. f5 exf5 32. Bh6 Rxf6 33. Bg7+
Kg8 34. Bxf6 Rd7 35. Rfb1 Kf7 36. Bg5 Be7 37. Be3 h5 38. Kg1 Ke6 39. R1b6+ Kf7
40. Rxd7 Nxd7 41. Rc6 Bf6 42. Kf1 Ke7 43. Ke2 Kf7 44. Ra6 g5 45. Bd2 Nc5 46.
Ra5 Nb3 47. Ra7+ Kg6 48. Be3 f4 49. Bf2 Nd4+ 50. Kd3 Nf5 51. Ke4 Nd6+ 52. Kd5
Nf5 53. Ra6 g4 54. Ke4 g3 55. hxg3 fxg3 56. Be1 Nh6 57. Bc3 Ng8 58. Bxf6 Nxf6+
59. Ke5 Kg5 60. Rxf6 h4 61. Rf5+ Kg6 62. Kf4 h3 63. Rg5+ 1-0

[Event "Open Citta' degli Scacchi A"]
[Site "Corsico ITA"]
[Date "2010.03.13"]
[Round "2"]
[White "Bellia, Fabrizio"]
[Black "Magrini, Fabrizio"]
[Result "1-0"]
[WhiteElo "2412"]
[BlackElo "2130"]
[PlyCount "111"]
[EventDate "2010.03.12"]

1. e4 c5 2. Nf3 d6 3. d4 cxd4 4. Nxd4 Nf6 5. Nc3 a6 6. Bc4 e6 7. O-O b5 8. Bb3
Be7 9. Qf3 Qc7 10. Qg3 O-O 11. Bh6 Ne8 12. Rfd1 Bf6 13. Bg5 Bxg5 14. Qxg5 Qc5
15. Qh4 Nf6 16. Rd3 Nbd7 17. Bxe6 Ne5 18. Nb3 Qa7 19. Bxc8 Nxd3 20. Bf5 Ne5 21.
Nd5 Ng6 22. Nxf6+ gxf6 23. Qh6 Qe7 24. Rd1 Qe5 25. Nd4 Qf4 26. Qh3 d5 27. exd5
Rad8 28. g3 Qe5 29. Nc6 Qe2 30. Qf1 Qxf1+ 31. Kxf1 Rd6 32. b3 Ne5 33. Nxe5 fxe5
34. c4 Rfd8 35. Ke2 bxc4 36. bxc4 Rf6 37. g4 Rb6 38. c5 Rb5 39. c6 Rc5 40. Bd7
Kf8 41. d6 Rc4 42. Rd5 f6 43. Kd3 Rc1 44. Kd2 Rc4 45. Ke3 Rc3+ 46. Rd3 Rc5 47.
Ke4 Kf7 48. Ra3 a5 49. Ra4 h6 50. h3 Kf8 51. Kf5 Kf7 52. Be6+ Kg7 53. c7 Rxd6
54. c8=Q Rxc8 55. Bxc8 Rd2 56. f3 1-0

[Event "Open Citta' degli Scacchi A"]
[Site "Corsico ITA"]
[Date "2010.03.13"]
[Round "2"]
[White "Bemporad, Filippo"]
[Black "Salmoiraghi, Angelo"]
[Result "0-1"]
[WhiteElo "2057"]
[BlackElo "2171"]
[PlyCount "88"]
[EventDate "2010.03.12"]

1. d4 c5 2. e3 cxd4 3. exd4 Nf6 4. Nf3 e6 5. Bd3 Be7 6. O-O d6 7. c4 O-O 8. b3
Nbd7 9. Bb2 b6 10. Nc3 Bb7 11. Qe2 Rc8 12. Rac1 Re8 13. Rfd1 a6 14. Nd2 Rc7 15.
Nde4 Qa8 16. Re1 Nxe4 17. Nxe4 f5 18. Nd2 Bf6 19. Bxf5 Nf8 20. Bg4 Bg5 21. Rcd1
Rf7 22. Ne4 Be7 23. Bh5 g6 24. Bf3 Nd7 25. Nd2 Bh4 26. Bxb7 Qxb7 27. g3 Bd8 28.
f4 Nf6 29. Nf3 Nh5 30. Qd3 Ref8 31. Rxe6 Nxf4 32. gxf4 Rxf4 33. Rf1 Rxf3 34.
Rxf3 Rxf3 35. Re8+ Kf7 36. Qe2 Bf6 37. Qe6+ Kg7 38. Rg8+ Kh6 39. Qg4 Bg5 40. d5
Rf4 41. Qh3+ Rh4 42. Qe6 b5 43. Qe2 Qa7+ 44. Kf1 Qf7+ 0-1